Στρατηγικός σχεδιασμός και τακτικός προγραμματισμός μάρκετινγκ της ΦΙΛΚΕΡΑΜ - JOHNSON Α.Ε. : πτυχιακή εργασία

Αποθηκεύτηκε σε:
Λεπτομέρειες βιβλιογραφικής εγγραφής
Κύριος συγγραφέας: Κεφαλάς, Αθανάσιος
Συγγραφή απο Οργανισμό/Αρχή: Πανεπιστήμιο Αιγαίου. Σχολή Επιστημών της Διοίκησης. Τμήμα Διοίκησης Επιχειρήσεων
Άλλοι συγγραφείς: Λυμπερόπουλος, Κωνσταντίνος Χ., 1946- (Εισηγητής διατριβής)
Μορφή: Thesis Βιβλίο
Γλώσσα:Greek
Δημοσίευση: 2002.
Θέματα:
Ετικέτες: Προσθήκη ετικέτας
Δεν υπάρχουν, Καταχωρήστε ετικέτα πρώτοι!

MARC

LEADER 00000cam a2200000 i 4500
001 1/32334
008 030206s2002 gre d
035 |l 10069320 
040 |a GR-MY-UA  |b gre  |e aacr 
041 0 |a gre 
082 0 |a 658.4012  |2 (22) 
100 1 |a Κεφαλάς, Αθανάσιος. 
245 1 0 |a Στρατηγικός σχεδιασμός και τακτικός προγραμματισμός μάρκετινγκ της ΦΙΛΚΕΡΑΜ - JOHNSON Α.Ε. :   |b πτυχιακή εργασία /   |c Κεφαλάς Αθανάσιος ; επιβλέπων: Λυμπερόπουλος Κων/νος.  
260 |c 2002.  
300 |a 61 σ. :   |b πίν.;   |c 30 εκ.  
502 |a Πτυχιακή εργασία – Πανεπιστήμιο Αιγαίου, Χίος, 2002.  
504 |a Περιλαμβάνει βιβλιογραφία.  
610 2 0 |a Πανεπιστήμιο Αιγαίου. 
650 0 0 |a Business planning. 
650 0 0 |a Strategic planning  |v Case studies. 
650 0 0 |a Marketing  |x Planning. 
650 0 0 |a Dissertations, Academic  |z Greece. 
700 1 |a Λυμπερόπουλος, Κωνσταντίνος Χ.,   |d 1946-  |4 ths 
710 2 |a Πανεπιστήμιο Αιγαίου.   |b Σχολή Επιστημών της Διοίκησης.   |b Τμήμα Διοίκησης Επιχειρήσεων. 
852 |a INST  |b CHIOS  |c DIATR  |e 20030206  |h 658.4012 ΚΕΦ  |p 005200013499  |q 005200013499  |t DIE  |y 23 
901 |a BIBL2-2003-1 
909 |a Χ  |b 102730 
924 |a ΚΕΦΑΛΑΣ  |b ΑΘΑΝΑΣΙΟΣ  |y ΧΙΟΣ  |z 2003-01 
970 |a ΧΑΖΙΡΗ  |b ΑΝΝΑ  |z 2003/02/06